00860nam a22002417a 4500003000900000005001700009008003000026020001800056040002200074082002700096100002500123245011600148260005000264300001900314504000600333505009900339650002500438650003400463650002500497700003700522700003900559710002000598DO-SdBNP20240715105856.0171101b2010 sp sp 00| 0 spa d a9788449440973 aBPMSUbspacBPMSU 4a372.21bP425a 20102221 aBiosca Curell, Anna  aEl pequeño Arlequín /cAnna Biosca Curell ; dirección Carlos de Gispert ; ilustración Montserrat Nieto  aBarcelona : bGrupo Editorial Océano,c2010 a2 v. c29 cm.  a  av. 1 : Acividades de plastica y psicomotricidad -- v. 2 : Atividades de expresión y lenguaje 4aEducación primaria 4aEducación psicomotriz x  4a Lenguaje y lenguas 1 aGispert, Carlos deedirección 1 aNieto, Montserrat eilustración  aGrupo Océano